[Event "10th LCC FIDE Open 2018"]
[Site "London"]
[Date "2018.12.10"]
[Round "3"]
[White "Seymour, Timothy P"]
[Black "Ghukasyan, Siranush"]
[Result "0-1"]
[WhiteElo "2080"]
[BlackElo "2245"]
[Annotator "NA RC"]
[PlyCount "68"]
[EventDate "2018.12.09"]
[EventType "swiss"]
[EventCountry "ENG"]
[SourceTitle "playchess.com"]
[Source "ChessBase"]
[SourceQuality "1"]
[TimeControl "40/5400+30:1800+30"]

{[%evp 17,61,15,58,38,32767,75,82,28,18,17,22,32767,32767,-6,0,32767,-74,32767,-104,-113,32767,-101,-119,-127,32767,-161,-165,-158,-118,-127,-152,-225,-200,-194,-290,-206,-192,-238,32767,32767,-251,32767,32767,32767,-186,-485]} 1. Nf3 {[%emt 0:00:00]} d5 {[%emt 0:00:00]} 2. e3 {[%emt 0:00:00]} Nf6 {[%emt 0:00:45]} 3. c4 {[%emt 0:00:00]} e6 {[%emt 0:01:59]} 4. b3 {[%emt 0:00:00]} Be7 {[%emt 0:00:16]} 5. Bb2 {[%emt 0:00:00]} O-O {[%emt 0:00:08]} 6. Nc3 {[%emt 0:00:00]} c5 {[%emt 0:01:44]} 7. cxd5 {[%emt 0:00:14]} exd5 {[%emt 0:00:07]} 8. d4 {[%emt 0:00:09] A13: English Opening: 1...e6} b6 {[%emt 0:01:05]} (8... Nc6 9. Be2 Bg4 10. dxc5 Bxc5 11. O-O a6 12. h3 Be6 13. Bd3 Qe7 14. a3 Rad8 15. Ne2 Ne4 16. b4 Bd6 17. Rc1 a5 18. b5 Nb8 19. Qa4 Nd7 {1-0 (48) Howell,D (2689)-Kazhgaleyev,M (2582) Batumi 2018}) 9. Rc1 {[%emt 0:17:47] LiveBook: 5 Games} Be6 {[%emt 0:01:05]} 10. Bd3 {[%emt 0:08:39]} Nbd7 {[%emt 0:03:52]} 11. O-O {[%emt 0:01:43]} h6 $146 {[%emt 0:01:05]} ({Predecessor:} 11... Qb8 12. h3 h6 13. Qe2 Re8 14. Rfd1 Bf8 {1-0 (28) Vasilenko,A-Berezjuk,S Moscow (Russia) 1977}) 12. Ne5 {[%emt 0:09:35]} (12. Ne2 $16) 12... Nxe5 {[%emt 0:11:23]} 13. dxe5 {[%emt 0:00:02]} Ng4 {[%emt 0:03:08]} 14. Be2 {[%emt 0:12:03]} Nxe5 {[%emt 0:03:03]} 15. f4 {[%emt 0:09:42]} (15. Nxd5 $5 Bxd5 16. Bxe5 $11) 15... d4 {[%emt 0:07:15]} 16. Nb5 {[%emt 0:05:22]} a6 {[%emt 0:06:22]} 17. Na3 {[%emt 0:09:38]} Nc6 {[%emt 0:02:27]} 18. Bf3 {[%emt 0:06:38]} Bd5 {[%emt 0:00:42]} 19. exd4 {[%emt 0:03:54]} Nxd4 {[%emt 0:03:01]} 20. Bxd4 {[%emt 0:01:57]} cxd4 {[%emt 0:01:30]} 21. Nc2 {[%emt 0:01:34]} Bxf3 {[%emt 0:01:56]} 22. Rxf3 {[%emt 0:00:50]} Bf6 {[%emt 0:00:15]} 23. Rd3 {[%emt 0:00:39]} Rc8 {[%emt 0:00:12]} 24. Nb4 {[%emt 0:04:33]} (24. Ne3 $17) 24... Qd6 {[%emt 0:01:00]} 25. Rxc8 {[%emt 0:01:27]} Rxc8 {[%emt 0:00:08]} 26. Qd2 {[%emt 0:00:12]} Qe6 {[%emt 0:03:25]} 27. h3 {[%emt 0:02:25]} a5 {[%emt 0:08:38]} 28. Nc2 {[%emt 0:00:03]} Qe4 {[%emt 0:00:25]} 29. Ne1 {[%emt 0:03:30]} Rc3 {[%emt 0:00:41]} 30. Kf2 {[%emt 0:00:53]} g5 {[%emt 0:02:33]} 31. g3 $19 {[%emt 0:00:18]} (31. Kf1) 31... gxf4 {[%emt 0:00:29]} 32. Qxf4 {[%emt 0:00:13]} Qxf4+ {[%emt 0:00:18]} 33. gxf4 {[%emt 0:00:02]} Bh4+ {[%emt 0:00:00]} 34. Ke2 {[%emt 0:00:02]} Bxe1 {[%emt 0:00:10]} 0-1

[Event "10th LCC FIDE Open 2018"]
[Site "London"]
[Date "2018.12.10"]
[Round "3"]
[White "Price, Gwilym"]
[Black "Rocco, Federico"]
[Result "1-0"]
[WhiteElo "2075"]
[BlackElo "2244"]
[Annotator "TA"]
[PlyCount "113"]
[EventDate "2018.12.09"]
[EventType "swiss"]
[EventCountry "ENG"]
[SourceTitle "playchess.com"]
[Source "ChessBase"]
[SourceQuality "1"]

{[%evp 15,113,-15,-25,-21,15,30,16,0,13,-34,0,0,-5,-10,-28,-23,0,0,0,-14,-4,-12,-17,-8,0,-16,0,-5,0,-15,27,25,58,45,50,-9,-8,-8,-14,-23,-19,-20,0,0,0,-18,-10,-42,17,17,152,0,0,0,0,0,75,87,159,159,87,8,29,28,65,29,66,2,610,600,990,1049,1070,1020,2783,2714,29980,29981,29980,29982,29982,29983,29987,29988,29988,29987,29985,29983,29993,29992,29995,29996,29996,29988,29988,29989,29989,29990,29990,984]} 1. e4 c5 2. Nf3 d6 3. d4 cxd4 4. Nxd4 Nf6 5. Nc3 a6 6. Bg5 e6 7. Qe2 Be7 8. h4 {B95: Sicilian Najdorf: 6 Bg5 e6, unusual White 7th moves} (8. f4 h6 9. Bxf6 Bxf6 10. O-O-O Qc7 11. Qd2 Bd7 12. Kb1 b5 13. g4 b4 14. Nce2 Nc6 15. Nf3 Be7 16. h4 a5 {½-½ (48) Jobava,B (2669)-Yilmaz,M (2622) Izmir 2016}) 8... h6 {LiveBook: 5 Games} 9. Bd2 e5 $146 ({Predecessor:} 9... Qb6 10. Nb3 Qc7 11. g4 Nc6 12. f4 b5 13. Bg2 b4 14. Nd1 a5 15. g5 Nd7 {1-0 (57) Bakre,T (2464)-Sriram,J (2448) Mumbai 2003}) 10. Nf5 {The position is equal.} Bxf5 11. exf5 Nc6 12. Ne4 Nd4 13. Nxf6+ Bxf6 14. Qd3 $1 d5 {...e4 is the strong threat.} 15. O-O-O e4 16. Qa3 Nxf5 17. Ba5 Qd7 {[#]} 18. Bc4 $1 {[%mdl 512]} Ne7 (18... dxc4 19. Rxd7) 19. Bxd5 Nxd5 20. Qb3 O-O 21. Rxd5 Qg4 22. g3 Rfe8 23. Bb6 Rac8 24. Rhd1 Re6 25. Bd4 ({White should play} 25. Kb1 $14) 25... Rec6 $36 {[%mdl 2048] Black has the initiative.} 26. Rd2 Qh3 {aiming for ...Qf1+.} 27. c3 {[#]} e3 $1 {[%mdl 512]} 28. fxe3 {Black should prevent Bxf6.} (28. Bxe3 Rxc3+) 28... Qxg3 29. Bxf6 {Hoping for Rd8+.} Qg1+ 30. Kc2 {Threatens to win with Be5.} Qg6+ 31. R5d3 {Strongly threatening Bd4.} Rxf6 ({Black should try} 31... Qxf6 $15 32. Qxb7 Qxh4) 32. Qxb7 Rd8 {[#]} (32... Re8 $11) 33. e4 $2 ({White must play} 33. h5 $1 $16 {[%cal Rh5g6][%mdl 512]} Qh7 (33... Qxh5 34. Rxd8+) 34. Kb3) 33... Rxd3 34. Rxd3 {[%mdl 4096] Endgame KQR-KQR} Kh7 35. Qd5 Rf4 {[#]} (35... h5 $11 {keeps the balance.}) 36. h5 $1 $16 {[%cal Rh5g6]} Qxe4 (36... Qg4 $142) 37. Qxe4+ Rxe4 {KR-KR} 38. Rd6 (38. b4 $16) 38... Re5 39. Rxa6 Rxh5 40. b4 g5 41. Rf6 (41. a4 $14) 41... Kg7 $2 {[%mdl 8192] [#]} (41... g4 $11) 42. Rf1 $1 $18 Rh2+ 43. Kb3 g4 44. a4 h5 45. a5 h4 46. a6 {White mates.} Re2 47. a7 Re8 48. b5 h3 49. b6 Re6 50. a8=Q Rxb6+ 51. Kc2 g3 52. Qf3 Rg6 53. Qxf7+ Kh6 54. Rf6 Rxf6 55. Qxf6+ Kh5 56. Qf3+ Kh4 57. Qf4+ {Accuracy: White = 70%, Black = 30%.} 1-0

[Event "10th LCC FIDE Open 2018"]
[Site "London"]
[Date "2018.12.10"]
[Round "3"]
[White "Coote, Trevor D"]
[Black "Marzano, Carlo"]
[Result "0-1"]
[WhiteElo "2057"]
[BlackElo "2222"]
[Annotator "TA"]
[PlyCount "88"]
[EventDate "2018.12.09"]
[EventType "swiss"]
[EventCountry "ENG"]
[SourceTitle "playchess.com"]
[Source "ChessBase"]
[SourceQuality "1"]

{[%evp 9,88,3,17,27,14,-33,-42,-33,-46,-77,-77,-93,-83,-67,-72,-87,-79,-85,-68,-118,-116,-170,-141,-200,-188,-178,-175,-241,-227,-218,-206,-208,-208,-200,-154,-158,-93,-85,-89,-91,-101,-237,-234,-237,-248,-241,-237,-233,-229,-286,-277,-264,-235,-294,-314,-476,-251,-251,-243,-352,-338,-358,-248,-294,0,-313,-304,-370,-293,-483,-475,-432,-446,-515,-516,-594,-602,-581,-522,-517,-491]} 1. d4 d5 {[%cal Bd7d5,Bd5c4][%mdl 32]} 2. Nf3 Nf6 3. c4 dxc4 4. Nc3 a6 5. e4 b5 {LiveBook: 535 Games} 6. a4 {D24: Queen's Gambit Accepted: 3 Nf3 Nf6 4 Nc3} (6. e5 Nd5 7. a4 e6 8. axb5 Bb4 9. Bd2 Nb6 10. bxa6 Nxa6 11. Be2 Bb7 12. O-O O-O 13. Na4 c5 14. dxc5 Bxc5 15. Nxc5 Nxc5 16. Be3 {½-½ (45) Mamedyarov,S (2762)-Kasimdzhanov,R (2691) Tashkent 2016}) 6... b4 7. Na2 Nxe4 8. Bxc4 {Black is slightly better.} e6 9. Qe2 $146 ({Predecessor:} 9. O-O Bb7 10. Re1 Be7 11. Qd3 Nf6 12. Ng5 Bd5 13. a5 Nc6 {1-0 (38) Bajkowski,M (1863)-Drozdowski,K (2059) Warsaw 2015}) 9... Bb7 10. O-O Be7 11. Rd1 O-O 12. Bd3 Nf6 13. Bf4 Nbd7 14. Be5 a5 15. Rac1 (15. Nc1 $17) 15... Bd6 16. Nd2 (16. Re1 $17) 16... Nxe5 {[%mdl 64] Overworked Piece} 17. dxe5 {[#]} Bxe5 $1 {[%mdl 512] [#]} 18. Qxe5 (18. Bxh7+ $142 $1 {[%mdl 512]} Kxh7 (18... Nxh7 19. Qxe5) 19. Qxe5) 18... Qxd3 $19 19. Rxc7 Qd5 20. Qxd5 Bxd5 21. Nc1 Rfd8 22. f3 Rdc8 (22... Kf8 $142 23. Nf1 Rdc8 24. Rxc8+ Rxc8) 23. Rxc8+ $17 Rxc8 24. Ncb3 Kf8 {White must now prevent ...Rc2.} 25. Kf2 (25. Nxa5 $17 {might work better.} Nd7 26. Nac4) 25... Rc2 $1 $19 {[%csl LRb2,LRb3] aiming for ...Bxb3.} 26. Ke3 Rxb2 27. Nxa5 Ra2 28. Nac4 Rxa4 29. Nb6 Ra3+ 30. Kd4 Ra2 31. g4 g5 32. h4 (32. Nbc4 $142) 32... h6 (32... gxh4 $142 33. g5 Nh5 34. Nxd5 exd5 35. Kxd5 h3) 33. hxg5 hxg5 34. Ke5 (34. Nxd5 $142 Nxd5 35. Ne4) 34... Kg7 35. Kd4 Ra3 {Hoping for ...e5+!} 36. Rb1 Ra2 37. Rd1 $1 Bb7 38. Kc4 Ra3 39. Kxb4 $2 (39. Rf1) 39... Rd3 {Black is clearly winning.} 40. Nbc4 Bxf3 {[%mdl 64] Double Attack} 41. Re1 Bxg4 42. Kc5 Bf5 43. Nf1 Rd5+ 44. Kb4 Bd3 {Accuracy: White = 44%, Black = 58%.} 0-1

[Event "10th LCC FIDE Open 2018"]
[Site "London"]
[Date "2018.12.10"]
[Round "3"]
[White "Flear, Christine"]
[Black "Mihalik, Agoston"]
[Result "0-1"]
[WhiteElo "2055"]
[BlackElo "2220"]
[Annotator "TA"]
[PlyCount "86"]
[EventDate "2018.12.09"]
[EventType "swiss"]
[EventCountry "ENG"]
[SourceTitle "playchess.com"]
[Source "ChessBase"]
[SourceQuality "1"]

{[%evp 31,86,-13,13,13,71,-108,-108,-111,-107,-165,-157,-165,-156,-362,-361,-335,-352,-339,-218,-218,-218,-209,-216,-253,-251,-434,-431,-463,-465,-577,-466,-445,-439,-580,-579,-566,-554,-568,-554,-1148,-1141,-1193,-1166,-1212,-901,-952,-955,-939,-928,-966,-962,-922,-869,-985,-973,-910,-885]} 1. d4 Nf6 2. c4 e6 3. g3 c5 4. d5 exd5 5. cxd5 d6 6. Nc3 g6 7. Bg2 Bg7 8. Nf3 O-O 9. O-O Re8 10. Bf4 Ne4 11. Nxe4 Rxe4 12. Nd2 {A62: Modern Benoni: Fianchetto Variation without early ...Nbd7} Rxf4 13. gxf4 Bxb2 14. Rb1 Bg7 15. e4 Nd7 16. Qf3 Bh6 {LiveBook: 6 Games} 17. Nc4 {[#]} Qf6 $146 {[#]} (17... Nb6 $11 18. Ne3 Qh4) ({Predecessor:} 17... Nb6 18. Ne3 Qh4 19. f5 Nd7 {0-1 (66) Studer,N (2493)-Leko,P (2678) Biel 2017}) 18. Nxd6 $2 (18. e5 $1 $16 {[%cal Re5f6] keeps the pressure on.} Qxf4 19. e6 (19. Nxd6 Qxf3 20. Bxf3 Nxe5 $11)) 18... Qxd6 $17 19. e5 Qe7 20. Rfe1 (20. Qg3 $17) 20... Nf8 $19 21. e6 fxe6 22. Qh3 $2 (22. dxe6 $17 Bxe6 23. Rxb7) 22... Bxf4 23. dxe6 Bxe6 24. Rxb7 Bxh3 25. Rexe7 {[#]} Bxg2 $1 26. Kxg2 a5 27. h3 Rc8 28. Kf3 $2 (28. Re4 g5 29. Rc4) 28... Bd6 {Black is clearly winning.} 29. Re2 c4 {[%cal Bc5c4,Bc4c3][%mdl 32]} 30. Rc2 c3 31. Ke4 Bb4 32. Rb6 Nd7 33. Rb5 Nc5+ 34. Ke3 Re8+ 35. Kf3 Nd3 36. Kg3 Ne1 37. Rc1 c2 {aiming for ...Bd6+.} 38. Rd5 Ba3 39. Rxc2 Nxc2 40. Rxa5 Bd6+ 41. Kg2 Kf7 42. a4 Ne1+ 43. Kf1 Nd3 {Accuracy: White = 28%, Black = 66%.} 0-1

[Event "10th LCC FIDE Open 2018"]
[Site "London"]
[Date "2018.12.10"]
[Round "3"]
[White "Grigoryan, Meri"]
[Black "Haribalu, V.."]
[Result "0-1"]
[WhiteElo "2054"]
[BlackElo "2208"]
[Annotator "TA"]
[PlyCount "63"]
[EventDate "2018.12.09"]
[EventType "swiss"]
[EventCountry "ENG"]
[SourceTitle "playchess.com"]
[Source "ChessBase"]
[SourceQuality "1"]

{[%evp 30,63,-8,-8,-11,-29,-12,-20,-20,-47,-41,-69,-23,-37,-46,-40,-31,-66,-59,-50,-50,-110,-106,-108,-113,-119,-108,-87,-93,-412,-384,-1413,-1429,-1353,-1339,-1218]} 1. d4 Nf6 2. Nf3 e6 3. c4 d5 4. e3 c6 5. Be2 Nbd7 6. O-O Bd6 7. Nc3 O-O 8. Qc2 dxc4 9. Bxc4 b5 10. Be2 Bb7 11. e4 e5 12. dxe5 {D46: Semi-Slav: 5 e3 Nbd7 6 Bd3, Black avoids the Meran} Nxe5 13. Bg5 (13. Nh4 Bc8 14. h3 Ng6 15. Nf5 Bxf5 16. exf5 Nf4 17. Bf3 Rc8 18. Rd1 Qe7 19. Be3 Rfd8 {1-0 (56) Aronian,L (2793)-Giri,A (2771) Leuven 2017}) 13... h6 14. Bh4 Ng6 15. Bg3 Bxg3 16. hxg3 {[#] LiveBook: 3 Games} Qe7 $146 ({Predecessor:} 16... Re8 17. Rad1 Qe7 18. Rfe1 Qc5 19. Bd3 Rad8 {1-0 (31) Golod,V (2561)-Gopal,G (2572) New Delhi 2012}) 17. Bd3 a6 18. Rfe1 {And now e5 would win.} Ne5 19. Nh4 Rad8 20. Bf1 Nfg4 21. Be2 Qc5 22. Bxg4 $1 Nxg4 23. Qe2 Bc8 $36 {[%cal Bb7c8,Bc8g4,Bg4f3][%mdl 2080] Black has the initiative.} 24. Rac1 Ne5 {...Nd3 is the strong threat.} 25. Nb1 ({White should play} 25. Nd5 $15 Qd6 26. Nf4) 25... Qb6 $17 26. Rc3 b4 27. Rc2 Bg4 28. Nf3 Rd3 29. Rxc6 $2 {[%mdl 8192] [#]} (29. Nbd2 $17 Rfd8 30. Qf1 Nxf3+ 31. Nxf3 Bxf3 32. gxf3) 29... Qb5 ({Less strong is} 29... Qxc6 30. Nxe5 Bxe2 31. Nxc6 $17) ({Inferior is} 29... Nxc6 30. Qxd3 Bxf3 31. gxf3 $11) ({Not} 29... Bxf3 30. Rxb6 Bxe2 31. Rxb4 $19) 30. Rc7 $2 (30. a4 bxa3 31. Nxa3 Bxf3 32. Nxb5 Bxe2 33. Rxa6) 30... Nxf3+ $19 31. gxf3 Bxf3 32. Qxd3 {Accuracy: White = 28%, Black = 80%.} 0-1

[Event "10th LCC FIDE Open 2018"]
[Site "London"]
[Date "2018.12.10"]
[Round "3"]
[White "Harari, Zaki"]
[Black "Villiers, Thomas"]
[Result "0-1"]
[WhiteElo "2038"]
[BlackElo "2205"]
[Annotator "TA"]
[PlyCount "74"]
[EventDate "2018.12.09"]
[EventType "swiss"]
[EventCountry "ENG"]
[SourceTitle "playchess.com"]
[Source "ChessBase"]
[SourceQuality "1"]

{[%evp 25,74,64,90,69,61,35,74,67,89,79,86,43,79,46,75,37,67,56,47,22,40,38,31,28,51,18,24,12,19,19,35,-4,-6,0,-6,-6,0,-54,-48,0,-16,-48,-35,-142,-155,-188,-171,-353,-352,-29992,-29993]} 1. e4 c5 2. Nf3 e6 3. d4 cxd4 4. Nxd4 Nc6 5. Nb5 d6 6. c4 a6 7. N5c3 Nf6 8. Be2 Be7 9. O-O O-O 10. Be3 Qc7 11. Nd2 {B44: Sicilian: Taimanov: 5 Nb5} Nb8 12. Rc1 Nbd7 13. f4 b6 {LiveBook: 3 Games} 14. Qe1 $146 ({Predecessor:} 14. g4 Bb7 15. g5 Ne8 16. Rf3 f5 17. exf5 Rxf5 18. Nde4 {½-½ (18) Munoz Pantoja,M (2499)-Almeida Toledano,D (2303) Canovelles 2008}) 14... Bb7 15. b4 Rac8 16. a3 Qb8 17. Qg3 Kh8 18. Bf3 Qa8 19. Rfd1 Rfd8 20. e5 Ng8 21. Nce4 d5 22. cxd5 {Threatens to win with d6.} Bxd5 23. Ng5 Bxg5 $1 24. Qxg5 {Bxd5 is the strong threat.} f6 25. Qg3 fxe5 26. fxe5 {next Bxd5 is good for White.} Ne7 27. Bxd5 Nxd5 28. Bg5 Rxc1 29. Rxc1 Rc8 30. Re1 $40 {[%mdl 128] Black needs to defend precisely.} Rc3 31. Qg4 (31. Qf2 $11) 31... Qe8 $15 32. Ne4 Rxa3 {[%cal Bc3a3,Ba3a1,Ba1a2][%mdl 32]} 33. Bc1 Ra1 34. Nd6 (34. Rf1 $15) 34... Qg6 $1 $17 {[%cal Rg6g4]} 35. Qc4 {[#] White threatens Qc8+ and mate.} h6 $1 36. Qc8+ $2 (36. Rf1) 36... Kh7 $19 37. Qxd7 $2 {[#]} (37. Qc4 $19) 37... Ra2 $1 {Accuracy: White = 31%, Black = 64%.} 0-1

[Event "10th LCC FIDE Open 2018"]
[Site "London"]
[Date "2018.12.10"]
[Round "3"]
[White "Edwards, Simon R"]
[Black "Lyell, Mark"]
[Result "1/2-1/2"]
[WhiteElo "1931"]
[BlackElo "2317"]
[Annotator "TA"]
[PlyCount "47"]
[EventDate "2018.12.09"]
[EventType "swiss"]
[EventCountry "ENG"]
[SourceTitle "playchess.com"]
[Source "ChessBase"]
[SourceQuality "1"]

{[%evp 9,47,16,20,4,7,-11,6,-23,30,35,30,35,36,17,37,12,18,2,41,0,0,0,0,0,20,27,28,23,31,27,33,22,22,29,31,6,13,0,0,0]} 1. c4 f5 2. g3 Nf6 3. Bg2 g6 4. Nc3 Bg7 5. e3 O-O {LiveBook: 140 Games} 6. h4 $146 {A10: English Opening: Unusual Replies for Black} ({Predecessor:} 6. Nge2 e5 7. d3 d6 8. O-O c6 9. f4 a5 10. Rb1 Be6 11. a3 Nbd7 12. b4 axb4 13. axb4 d5 14. cxd5 cxd5 15. Qd2 Bf7 16. Bb2 Re8 17. Rfe1 Qb6 18. d4 e4 19. b5 Bf8 {0-1 (37) Short,N (2678)-McShane,L (2640) Riadh 2017}) 6... e5 7. d3 Nc6 8. Bd2 Qe7 ({Better is} 8... Nb4 9. Qb1 d6) 9. Nd5 $11 Nxd5 10. cxd5 Nd8 11. Qb3 {[#] aiming for d6+.} d6 12. Rc1 f4 13. Qc4 Bd7 14. Nf3 Rc8 15. O-O {[%cal Re3f4]} fxg3 16. fxg3 Nf7 (16... e4 $5 17. Qxe4 Qxe4 18. dxe4 Bxb2 $14) 17. Qb3 c5 18. dxc6 bxc6 19. Ng5 Bh6 20. Nxf7 Rxf7 21. Rxf7 Qxf7 22. Qb7 Qe6 23. Bxc6 Bxc6 24. Rxc6 {Accuracy: White = 40%, Black = 57%.} 1/2-1/2

[Event "10th LCC FIDE Open 2018"]
[Site "London"]
[Date "2018.12.10"]
[Round "3"]
[White "Finn, Peter"]
[Black "McDonald, Neil"]
[Result "0-1"]
[WhiteElo "1820"]
[BlackElo "2403"]
[Annotator "TA"]
[PlyCount "96"]
[EventDate "2018.12.09"]
[EventType "swiss"]
[EventCountry "ENG"]
[SourceTitle "playchess.com"]
[Source "ChessBase"]
[SourceQuality "1"]

{[%evp 33,96,18,24,37,39,0,0,-121,-119,-97,-40,-28,-38,-22,-23,-301,-105,-97,-97,-103,-106,-102,-109,-104,-93,-79,-95,-344,-339,-421,-415,-415,-408,-414,-413,-413,-394,-687,-687,-682,-683,-681,-679,-671,-672,-670,-670,-663,-660,-656,-650,-650,-646,-641,-633,-895,-895,-885,-857,-1481,-1421,-1502,-1537,-5406,-5221]} 1. e4 e6 2. d4 d5 3. Nd2 Nf6 4. e5 Nfd7 5. Bd3 c5 6. c3 Nc6 7. Ne2 cxd4 8. cxd4 f6 9. Nf4 Nxd4 10. Qh5+ Ke7 11. exf6+ Nxf6 12. Ng6+ hxg6 13. Qxh8 Kf7 14. O-O e5 15. Nb3 Nxb3 {C06: French Tarrasch: 3...Nf6 4 e5 Nfd7 5 Bd3 main lines} 16. axb3 e4 (16... Bf5 17. Bxf5 gxf5 18. Bg5 Bc5 19. Qh3 Qd7 20. Bxf6 Kxf6 21. Rfe1 Re8 22. Qh4+ Kf7 23. Qh5+ {1-0 (47) Aravindh,C (2617)-Gallego Alcaraz,A (2461) Moscow 2018}) 17. Be2 Be6 {LiveBook: 3 Games. The position is equal.} 18. Bf4 d4 {[%cal Bd5d4,Bd4d3,Bd3d2][%mdl 32]} 19. Rfc1 $146 ({Predecessor:} 19. Bc4 Bxc4 20. bxc4 Nh5 21. Be5 d3 22. g3 Qb6 23. g4 {0-1 (56) Kristinsson,B (2045)-Gupta,B (1998) Budapest 2011}) 19... Nd5 20. Bg3 (20. Be5 $11 {was the only way to keep the balance.}) 20... d3 $17 {[%mdl 1024] Black has strong compensation.} 21. Bd1 {[#]} Qf6 (21... Qb6 $1 $17 22. Qh4 Bf5) 22. Qh4 $15 Bf5 23. b4 {Threatens to win with Bb3.} d2 (23... Bxb4 $6 24. Bb3 $16) 24. Rcb1 $2 {[%mdl 8192]} (24. Qxf6+ $1 $11 {and White stays safe.} Kxf6 25. Rc4) 24... Qxh4 $2 (24... Bxb4 25. Bb3 $11) (24... e3 $19 25. Bf3 Bxb1 26. Qxf6+ (26. Bxd5+ $2 Ke8 $19) 26... Kxf6 27. Rxb1 Re8) 25. Bxh4 $17 e3 $36 {[%mdl 2048] White is under strong pressure.} 26. Bf3 Bxb1 (26... Nxb4 $6 27. Rd1 $11) 27. Rxb1 ({Don't blunder} 27. Bxd5+ $2 Ke8 $19) 27... Rc8 28. Rd1 ({But not} 28. Bxd5+ $2 Ke8 $19) 28... e2 29. Bxe2 Nf4 30. Bg4 $2 (30. Kf1 $17 {was the only chance.}) 30... Re8 $19 {( -> ...Re1+)} 31. h3 Re1+ 32. Kh2 Bxb4 33. Bg5 Rxd1 34. Bxd1 {[%mdl 4096] Endgame [#] KBB-KBN} Nd3 $1 {[%csl LRb2,LRf2]} 35. b3 $2 (35. Bxd2 Bxd2 36. b3) 35... Nxf2 {Black is clearly winning.} 36. Bxd2 Bd6+ ({Weaker is} 36... Nxd1 37. Bxb4 Nb2 38. Kg3 $15) 37. Kg1 Nxd1 38. Kf1 Be5 39. Ke2 Nc3+ 40. Kd3 Nd5 41. Ke4 Bc3 42. Bg5 Nf6+ 43. Kd3 Be5 44. b4 b5 45. Be3 a6 46. Bc5 Ke6 47. g4 Bd6 48. Kd4 Nd7 {Accuracy: White = 43%, Black = 69%.} 0-1

[Event "10th LCC FIDE Open 2018"]
[Site "London"]
[Date "2018.12.10"]
[Round "3"]
[White "Baumann, Tobias Opdalshei"]
[Black "Mihajlov, Sebastian"]
[Result "0-1"]
[WhiteElo "1446"]
[BlackElo "2358"]
[Annotator "TA"]
[PlyCount "96"]
[EventDate "2018.12.09"]
[EventType "swiss"]
[EventCountry "ENG"]
[SourceTitle "playchess.com"]
[Source "ChessBase"]
[SourceQuality "1"]

{[%evp 26,96,22,0,20,17,17,13,81,78,75,21,43,7,5,1,19,13,16,0,0,0,0,0,0,0,-12,0,0,0,0,0,0,0,0,0,0,0,0,0,0,0,0,-11,-22,-76,-63,-60,-34,-56,-37,-62,-62,-254,-262,-264,-260,-251,-257,-29962,-3875,-6203,-6203,-29971,-29972,-29968,-29972,-29970,-612,-29974,-29975,-29971,-29973]} 1. e4 e5 2. Nf3 Nc6 3. Bc4 Bc5 4. c3 Nf6 5. d4 exd4 6. cxd4 Bb4+ 7. Bd2 Bxd2+ 8. Nbxd2 d5 9. exd5 Nxd5 10. Qb3 Nce7 11. O-O O-O 12. Rfe1 c6 13. Ne4 a5 {C54: Giuoco Piano: 4 c3 Nf6, main lines with 5 d4 and 5 d3} (13... Nb6 14. Bd3 Ned5 15. Nc5 Nf6 16. Rac1 Rb8 17. Qa3 a6 18. Qb3 Qc7 19. Ne4 Nfd5 20. Nc3 Qd6 21. Be4 {½-½ (36) Jones,G (2640)-Karjakin,S (2753) Wijk aan Zee 2018}) 14. a4 {LiveBook: 5 Games} Nb4 15. Ne5 {[%cal Re5f7]} Ned5 {The position is equal.} 16. Rac1 f6 (16... Bf5 $11 {keeps the balance.}) 17. Nd3 $16 Kh8 18. Nec5 (18. Nxb4 $16 Nxb4 19. Qg3) 18... b6 19. Ne6 $146 ({Predecessor:} 19. Nxb4 Nxb4 20. Nd3 Nxd3 21. Qxd3 Bd7 {½-½ (41) Verlinde,T (2180)-Sonntag,H (2396) Belgium 2010}) 19... Bxe6 $1 20. Rxe6 Nxd3 21. Bxd3 Nb4 22. Be4 {Qh3 is the strong threat.} Qxd4 23. Qh3 {[%csl Ge4][%cal Rh3h7]} f5 $1 {[%cal Rf5e4]} 24. Bxf5 {[%csl Gf5][%cal Rh3h7]} g6 $1 25. Rxg6 {[#] White threatens Rg8+! and mate.} Rxf5 $1 {[%mdl 512]} 26. Qxf5 hxg6 27. Qxg6 Rf8 28. Qh6+ Kg8 29. Qg6+ $1 Qg7 30. Qe6+ Qf7 31. Qg4+ Kh8 32. Qh4+ Qh7 33. Qd4+ Qg7 34. Qxb6 Qxb2 {[%cal Rb2c1]} 35. Rd1 (35. Qe3 $11) 35... Qe5 36. h3 Qf6 37. Qc5 Nd5 38. Rd3 Rg8 {White must now prevent ...Nf4.} 39. Kh2 $2 {[#]} ({White should play} 39. g3 $15) 39... Rxg2+ $1 $19 {[%mdl 576] Decoy} 40. Kxg2 {[%mdl 4096] Endgame KQR-KQN} Nf4+ {[%mdl 64] Double Attack} 41. Kh2 Nxd3 {[%mdl 64] Discovered Attack} 42. Qh5+ $2 (42. Qxa5 $19 Qxf2+ 43. Kh1 Qf3+ 44. Kh2) 42... Kg7 43. Qg4+ Kh6 44. f3 Ne5 45. Qe4 Nxf3+ 46. Kg3 Ne5 (46... Nd2 $142 47. Qe2 Qd6+ 48. Kg2 Qd5+ 49. Kg3 Ne4+ 50. Kf4 Ng5 51. Qg4 c5 52. Qf5 Qd2+ 53. Kg3 Qe3+ 54. Kg2 c4 55. Qf6+ Kh7 56. Qf5+ Kg7 57. Qd7+ Kh6 58. Qc6+ Kh5 59. Qxc4 Qf3+ 60. Kh2 Qxh3+ 61. Kg1 Qf3 62. Qd4 Qe2 63. Qh8+ Kg4 64. Qc8+ Ne6 65. Qg8+ Kf4 66. Qh7 Qe3+ 67. Kf1 Qc1+ 68. Kg2 Qd2+ 69. Kh1 Qe1+ 70. Kh2 Qe5 71. Kg1 Kg4 72. Qg8+ Kf4 73. Qh7 Kg5 74. Qg8+ Kh4 75. Qh7+ Kg5 76. Qg8+ Kh4 77. Qh7+ Kg4 78. Qg8+ Kf3 79. Qg2+ Ke3 80. Qc2 Nf4 81. Qc1+ Kd3 82. Qd1+ Kc4 83. Qd2 Qe4 84. Qc1+ Kb4 85. Qd2+ Kxa4 86. Qd7+ Ka3 87. Qd6+ Qb4 88. Qc6 a4 89. Qe8 Qd4+ 90. Kf1 Kb2 91. Qb5+ Kc1 92. Qb7 a3 93. Qa8 Qc4+ 94. Kg1 a2 95. Qh8 {[#]} Qd4+ $1 {[%mdl 576] Decoy, Promotion} 96. Qxd4 Ne2+ {[%mdl 64] Double Attack} 97. Kf2 Nxd4 98. Ke3 a1=Q 99. Kf4 Nc6 100. Ke4 Qd4+ 101. Kf5 Qe5+ 102. Kg4 Nd4 103. Kh4 Qg7 104. Kh5 Ne2 105. Kh4 Qg6 106. Kh3 Qg3#) 47. Kh2 Qf2+ 48. Kh1 Qf3+ {Accuracy: White = 36%, Black = 66%.} 0-1